000 00256nam a2200109Ia 4500
008 200302s9999 xx 000 0 und d
100 _aPeter Glover
245 _aBuilding Surveys 8th ed.,
260 _bTaylor &Francis Group
260 _c2013
300 _a346
999 _c3579
_d3579